[Event "Czech Open GM 2019"]
[Site "Pardubice"]
[Date "2019.07.20"]
[Round "2.17"]
[White "Ratsma, Midas"]
[Black "Nagy, Gabor"]
[Result "0-1"]
[WhiteElo "2295"]
[BlackElo "2474"]
[Annotator "ChessBase"]
[PlyCount "70"]
[EventDate "2019.07.19"]
[EventType "swiss"]
[EventCountry "CZE"]
[SourceTitle "playchess.com"]
[Source "ChessBase"]
[SourceQuality "1"]

1. e4 c5 2. Nc3 Nc6 3. g3 e6 4. Bg2 Nf6 5. f4 d6 6. Nf3 Be7 7. O-O O-O 8. d3 Rb8 9. a4 a6 10. h3 b5 11. axb5 axb5 12. Be3 d5 13. e5 d4 14. exf6 Bxf6 15. Ne5 Nxe5 16. fxe5 Bxe5 17. Qh5 Qc7 18. Ne4 dxe3 19. Ng5 h6 20. Nxf7 Bxg3 21. Nxh6+ gxh6 22. Be4 Qg7 23. Rxf8+ Kxf8 24. Kh1 Qg5 25. Qf3+ Qf4 26. Rf1 Ke7 27. Qg2 Bf2 28. Qg7+ Kd8 29. Ra1 e2 30. Qh8+ Kc7 31. Qc3 e1=Q+ 32. Rxe1 Bxe1 33. Qxc5+ Kd8 34. Qg1 Bb7 35. Qg8+ Ke7 0-1

[Event "Czech Open GM 2019"]
[Site "Pardubice"]
[Date "2019.07.20"]
[Round "2.17"]
[White "Gombocz, Ferenc Jr."]
[Black "Gavrilescu, David"]
[Result "1/2-1/2"]
[WhiteElo "2210"]
[BlackElo "2473"]
[Annotator "ChessBase"]
[PlyCount "90"]
[EventDate "2019.07.19"]
[EventType "swiss"]
[EventCountry "CZE"]
[SourceTitle "playchess.com"]
[Source "ChessBase"]
[SourceQuality "1"]

1. c4 e6 2. g3 d5 3. Bg2 Nf6 4. Nf3 d4 5. O-O c5 6. e3 Nc6 7. exd4 cxd4 8. d3 h6 9. Bf4 Bd6 10. Bxd6 Qxd6 11. Nbd2 O-O 12. Rc1 Rd8 13. a3 a5 14. c5 Qe7 15. Re1 a4 16. Nc4 Nd7 17. Nfe5 Ncxe5 18. Nxe5 Nxc5 19. Nxf7 Qxf7 20. Rxc5 Bd7 21. Bxb7 Rab8 22. Rc7 Qf5 23. Qe2 Qb5 24. Bc6 Bxc6 25. Qxe6+ Kh8 26. Qxc6 Qxc6 27. Rxc6 Rxb2 28. Rc4 Rb3 29. Rxa4 Rxd3 30. Ra7 Rd2 31. Ree7 Rf8 32. Rf7 Rxf7 33. Rxf7 Ra2 34. Rd7 Rxa3 35. Rxd4 Kh7 36. Kg2 Ra5 37. h4 h5 38. Rd3 Kg6 39. f3 Kf6 40. g4 hxg4 41. fxg4 g6 42. Kg3 Ra4 43. Rb3 Rc4 44. Rb6+ Kf7 45. Rb3 Kf6 1/2-1/2

[Event "Czech Open GM 2019"]
[Site "Pardubice"]
[Date "2019.07.20"]
[Round "2.18"]
[White "Saduakassova, Dinara"]
[Black "Tate, Alan"]
[Result "1-0"]
[WhiteElo "2474"]
[BlackElo "2283"]
[Annotator "RC"]
[PlyCount "89"]
[EventDate "2019.07.19"]
[EventType "swiss"]
[EventCountry "CZE"]
[SourceTitle "playchess.com"]
[Source "ChessBase"]
[SourceQuality "1"]

1. Nf3 Nf6 2. g3 g6 3. d4 d5 4. c4 c6 5. Qb3 Bg7 6. Bg2 O-O 7. O-O a5 8. cxd5 a4 9. Qd1 cxd5 10. Nc3 Qa5 11. Bd2 Nc6 12. Ne5 Qa6 13. Bg5 e6 14. Rc1 Nxe5 15. dxe5 Ng4 16. e4 Nxe5 17. exd5 Nd3 18. Rc2 Nb4 19. Rd2 Nxd5 20. Nxd5 exd5 21. Bxd5 Be6 22. b3 Bxd5 23. Rxd5 axb3 24. axb3 Rfe8 25. Rd7 Qc6 26. Qd5 Qxd5 27. Rxd5 h6 28. Be3 Rad8 29. Rfd1 Rxd5 30. Rxd5 Re7 31. Kg2 Kh7 32. Kf3 g5 33. h4 gxh4 34. gxh4 Be5 35. h5 Bf6 36. Rd6 Kg7 37. b4 Re5 38. Bd4 Re6 39. Rxe6 fxe6 40. Bb6 Bg5 41. Ke4 Kf7 42. b5 Bf6 43. Bd4 Be7 44. Be3 Bf8 45. Ke5 1-0

[Event "Czech Open GM 2019"]
[Site "Pardubice"]
[Date "2019.07.20"]
[Round "2.18"]
[White "Karttunen, Mika"]
[Black "Hrdina, Robin"]
[Result "1-0"]
[WhiteElo "2466"]
[BlackElo "2229"]
[Annotator "ChessBase"]
[PlyCount "53"]
[EventDate "2019.07.19"]
[EventType "swiss"]
[EventCountry "CZE"]
[SourceTitle "playchess.com"]
[Source "ChessBase"]
[SourceQuality "1"]

1. d4 d5 2. Nf3 Nf6 3. g3 e6 4. Bg2 Be7 5. O-O O-O 6. c4 dxc4 7. Ne5 Nbd7 8. Nxc4 c5 9. Nc3 cxd4 10. Qxd4 Bc5 11. Qd1 Qc7 12. b3 a6 13. Na4 Be7 14. Be3 Rd8 15. Qc1 Ne8 16. Bf4 e5 17. Nxe5 Qa5 18. Nc4 Qb5 19. Qe3 Bc5 20. Qd3 Nb6 21. Qxd8 Bd7 22. Qxb6 Bxb6 23. Naxb6 Rd8 24. Rad1 Nf6 25. Nd5 Rf8 26. Nxf6+ gxf6 27. Rd5 1-0

[Event "Czech Open GM 2019"]
[Site "Pardubice"]
[Date "2019.07.20"]
[Round "2.19"]
[White "Barski, Radoslaw"]
[Black "Kushko, Dmitry"]
[Result "1/2-1/2"]
[WhiteElo "2468"]
[BlackElo "2281"]
[Annotator "ChessBase"]
[PlyCount "118"]
[EventDate "2019.07.19"]
[EventType "swiss"]
[EventCountry "CZE"]
[SourceTitle "playchess.com"]
[Source "ChessBase"]
[SourceQuality "1"]

1. e4 e6 2. d4 d5 3. e5 c5 4. c3 Qb6 5. Nf3 Nc6 6. Na3 cxd4 7. cxd4 Bb4+ 8. Bd2 Bd7 9. Nc2 Bxd2+ 10. Qxd2 Qxb2 11. Bd3 Nge7 12. O-O Qb6 13. Rab1 Qc7 14. Qg5 Ng6 15. h4 h6 16. Qg3 O-O 17. Ne3 Kh8 18. Ng4 Nge7 19. Rfc1 Rab8 20. Rb3 f5 21. exf6 Qxg3 22. fxg7+ Kxg7 23. fxg3 Be8 24. Rb2 Bh5 25. Nge5 Bxf3 26. Nxf3 Nf5 27. Bxf5 exf5 28. Re1 b6 29. Rc2 Rbc8 30. a3 Kf6 31. Rce2 Kg7 32. h5 Rcd8 33. Rc2 Rc8 34. Kh1 Kf6 35. Kh2 b5 36. Kh3 a6 37. g4 fxg4+ 38. Kxg4 Rg8+ 39. Kh3 Rgf8 40. Rf2 Kg7 41. Rc2 Kf6 42. Rf1 Ke7 43. Rfc1 Kd6 44. Ne5 Ne7 45. Rxc8 Rxc8 46. Rxc8 Nxc8 47. g4 Ke6 48. g5 hxg5 49. Kg4 Kf6 50. Nd7+ Kg7 51. Kxg5 a5 52. h6+ Kh8 53. Ne5 b4 54. axb4 axb4 55. Kf6 b3 56. Nd3 Nd6 57. Ke6 Nb5 58. Kxd5 Nxd4 59. Kxd4 Kh7 1/2-1/2

[Event "Czech Open GM 2019"]
[Site "Pardubice"]
[Date "2019.07.20"]
[Round "2.19"]
[White "Sulayev, Daniel"]
[Black "Bagi, Mate"]
[Result "0-1"]
[WhiteElo "2214"]
[BlackElo "2459"]
[Annotator "ChessBase"]
[PlyCount "70"]
[EventDate "2019.07.19"]
[EventType "swiss"]
[EventCountry "CZE"]
[SourceTitle "playchess.com"]
[Source "ChessBase"]
[SourceQuality "1"]

1. c4 Nf6 2. g3 c5 3. Bg2 d5 4. cxd5 Nxd5 5. Nc3 Nc7 6. Nf3 Nc6 7. d3 e5 8. O-O Be7 9. Nd2 Bd7 10. Nc4 f6 11. a4 O-O 12. Be3 Ne6 13. a5 Rb8 14. Nd5 Ned4 15. Bxd4 Nxd4 16. e3 Nc6 17. Qf3 Rf7 18. Rfc1 Bf8 19. Qd1 Be6 20. e4 Nd4 21. Nce3 g6 22. Rc3 Rc8 23. h4 f5 24. Bh3 Qd7 25. Kg2 f4 26. Bxe6 Qxe6 27. Nc2 f3+ 28. Kh2 g5 29. hxg5 Qg4 30. Qf1 Qxg5 31. Nxd4 exd4 32. Rcc1 Rc6 33. Nf4 Rxf4 34. gxf4 Rh6+ 35. Qh3 Qg2# 0-1

[Event "Czech Open GM 2019"]
[Site "Pardubice"]
[Date "2019.07.20"]
[Round "2.20"]
[White "Teclaf, Pawel"]
[Black "Debevec, Blaz"]
[Result "1-0"]
[WhiteElo "2454"]
[BlackElo "2195"]
[Annotator "ChessBase"]
[PlyCount "60"]
[EventDate "2019.07.19"]
[EventType "swiss"]
[EventCountry "CZE"]
[SourceTitle "playchess.com"]
[Source "ChessBase"]
[SourceQuality "1"]

1. Nf3 Nf6 2. b3 g6 3. g3 Bg7 4. Bb2 d6 5. d4 O-O 6. Bg2 Na6 7. O-O c5 8. c4 Rb8 9. Nc3 Bf5 10. Re1 Ne4 11. Nb5 Qb6 12. Nh4 Nf6 13. Nxf5 gxf5 14. Qb1 e6 15. a4 Qd8 16. Nxa7 cxd4 17. Bxd4 e5 18. Bc3 Qd7 19. Nb5 Nc5 20. Rd1 Nfe4 21. Bb4 Qe7 22. Nxd6 Nxd6 23. Bxc5 Rfd8 24. Bxd6 Rxd6 25. Rxd6 Qxd6 26. Qxf5 Qd4 27. Rb1 b6 28. Bd5 Rf8 29. Be4 Rd8 30. Qxh7+ Kf8 1-0

[Event "Czech Open GM 2019"]
[Site "Pardubice"]
[Date "2019.07.20"]
[Round "2.20"]
[White "Caletka, Radomir"]
[Black "Gutman, Gennadi"]
[Result "0-1"]
[WhiteElo "2286"]
[BlackElo "2466"]
[Annotator "ChessBase"]
[PlyCount "92"]
[EventDate "2019.07.19"]
[EventType "swiss"]
[EventCountry "CZE"]
[SourceTitle "playchess.com"]
[Source "ChessBase"]
[SourceQuality "1"]

1. d4 Nf6 2. c4 d6 3. Nc3 Nbd7 4. e4 e5 5. d5 Be7 6. Be3 c6 7. f3 a6 8. Bd3 cxd5 9. cxd5 Nh5 10. Nge2 Bg5 11. Bf2 O-O 12. h4 Be7 13. g4 Nf4 14. Nxf4 exf4 15. Qd2 Ne5 16. Be2 Ng6 17. g5 f5 18. O-O-O fxe4 19. Nxe4 Bf5 20. Bd4 Qd7 21. Nc3 Rae8 22. Bd3 Bd8 23. Bxf5 Rxf5 24. Rde1 Ba5 25. Rxe8+ Qxe8 26. Qd3 Bxc3 27. Qxc3 Rxd5 28. Kb1 Ne5 29. Bxe5 Rxe5 30. Rd1 d5 31. Qd4 Rf5 32. Qd3 Qe6 33. a3 Re5 34. Qd4 Qf5+ 35. Ka2 Re3 36. Rc1 Qe5 37. Rc8+ Kf7 38. Qb6 Qf5 39. Qxb7+ Kg6 40. Rc6+ Kh5 41. Qxg7 Rxf3 42. g6 hxg6 43. Rf6 Qd3 44. Qh7+ Kg4 45. Rxg6+ Kh3 46. Qd7+ Kh2 0-1

[Event "Czech Open GM 2019"]
[Site "Pardubice"]
[Date "2019.07.20"]
[Round "2.21"]
[White "Haba, Petr"]
[Black "Keller, Peter"]
[Result "0-1"]
[WhiteElo "2458"]
[BlackElo "2279"]
[Annotator "TA"]
[PlyCount "88"]
[EventDate "2019.07.19"]
[EventType "swiss"]
[EventCountry "CZE"]
[SourceTitle "playchess.com"]
[Source "ChessBase"]
[SourceQuality "1"]

1. d4 Nf6 2. c4 e6 3. Nc3 Bb4 4. Qc2 b6 5. e4 c5 6. d5 exd5 7. exd5 Qe7+ 8. Be2 O-O 9. Kf1 Re8 10. Nb5 d6 11. Bf4 Ne4 12. a3 Ba5 13. f3 a6 14. Qxe4 Qd8 15. Qxe8+ Qxe8 16. Nxd6 Qd8 17. Nxc8 Qxc8 18. Nh3 b5 19. Kf2 bxc4 20. Bxc4 Nd7 21. Rac1 Qb7 22. b3 Nb6 23. Rhd1 Nxc4 24. bxc4 Qb2+ 25. Kg1 Qxa3 26. Nf2 Bd8 27. d6 a5 28. d7 Qa4 29. Ne4 Qc6 30. Rb1 f5 31. Rd6 Qa4 32. Nd2 Bc7 33. Rd5 Bxf4 34. d8=Q+ Rxd8 35. Rxd8+ Kf7 36. Rb7+ Ke6 37. Nf1 Qxc4 38. Re8+ Kd5 39. g3 Bc1 40. Rd8+ Kc6 41. Rxg7 Qe2 42. Rc8+ Kb5 43. Rb7+ Ka4 44. Rbc7 Bb2 0-1

[Event "Czech Open GM 2019"]
[Site "Pardubice"]
[Date "2019.07.20"]
[Round "2.21"]
[White "Galperin, Platon"]
[Black "Siniauski, Artsiom"]
[Result "1-0"]
[WhiteElo "2445"]
[BlackElo "2205"]
[Annotator "NA"]
[PlyCount "107"]
[EventDate "2019.07.19"]
[EventType "swiss"]
[EventCountry "CZE"]
[SourceTitle "playchess.com"]
[Source "ChessBase"]
[SourceQuality "1"]

1. Nf3 Nf6 2. c4 b6 3. g3 Bb7 4. Bg2 g6 5. O-O Bg7 6. d4 O-O 7. d5 d6 8. Nc3 c5 9. e4 Nbd7 10. Bf4 Ng4 11. Nd2 Nge5 12. Be3 Ba6 13. Qa4 Qc8 14. h3 Rb8 15. Qb3 Qc7 16. f4 Nxc4 17. Nxc4 b5 18. Nd2 b4 19. Na4 Qa5 20. a3 Bxf1 21. Bxf1 bxa3 22. Qxa3 Qb4 23. Nc4 Qxa3 24. Rxa3 Nb6 25. Naxb6 axb6 26. b3 b5 27. Na5 b4 28. Ra4 Ra8 29. Bb5 Rfb8 30. Bc6 Ra7 31. e5 f5 32. Kf2 Bf8 33. Ke2 Rb6 34. Kd3 Rba6 35. Nc4 Kf7 36. e6+ Kg8 37. Bb5 Rxa4 38. bxa4 Bg7 39. Kc2 Rb7 40. Kb3 Bc3 41. Bc6 Ra7 42. Bf2 Kg7 43. a5 Kf6 44. Bb5 g5 45. fxg5+ Kxg5 46. Be3+ f4 47. Bxf4+ Kf5 48. a6 Ke4 49. Nxd6+ exd6 50. Bxd6 Bf6 51. Bxc5 Ra8 52. e7 Bxe7 53. Bxe7 Kxd5 54. g4 1-0

[Event "Czech Open GM 2019"]
[Site "Pardubice"]
[Date "2019.07.20"]
[Round "2.22"]
[White "Salimova, Nurgyul"]
[Black "Lehmann, Holger"]
[Result "1-0"]
[WhiteElo "2416"]
[BlackElo "2165"]
[Annotator "NA"]
[PlyCount "101"]
[EventDate "2019.07.19"]
[EventType "swiss"]
[EventCountry "CZE"]
[SourceTitle "playchess.com"]
[Source "ChessBase"]
[SourceQuality "1"]

1. e4 c5 2. Nf3 Nc6 3. d4 cxd4 4. Nxd4 g6 5. Nc3 Bg7 6. Be3 Nf6 7. Nxc6 bxc6 8. e5 Ng8 9. f4 Nh6 10. Qd2 O-O 11. O-O-O d6 12. h3 Qa5 13. g4 dxe5 14. f5 Nxf5 15. gxf5 Bxf5 16. Bc4 Rfb8 17. Bb3 h5 18. Rhf1 e6 19. h4 Rb4 20. Bg5 Rd4 21. Qg2 Rc8 22. Ne2 Rg4 23. Qf2 c5 24. c4 Rb8 25. Rg1 Rxb3 26. axb3 Qa1+ 27. Kd2 Qxb2+ 28. Ke1 Re4 29. Rg3 Qc2 30. Re3 Rg4 31. Rc3 Qe4 32. Rg3 Rxg3 33. Qxg3 Bg4 34. Qe3 Qg2 35. Qf2 Qh1+ 36. Kd2 Qh3 37. Qe3 Qh2 38. Rf1 f5 39. Rf2 Qh1 40. Kc2 Qa1 41. Qc1 Qa2+ 42. Qb2 Qa5 43. Qc3 Qa2+ 44. Qb2 Qa5 45. Nc3 e4 46. Rd2 Bd4 47. b4 Qa6 48. bxc5 Qxc4 49. Qb8+ Kh7 50. Qc7+ Bg7 51. Bf6 1-0

[Event "Czech Open GM 2019"]
[Site "Pardubice"]
[Date "2019.07.20"]
[Round "2.22"]
[White "Mertanen, Janne"]
[Black "Abdumalik, Zhansaya"]
[Result "1-0"]
[WhiteElo "2281"]
[BlackElo "2458"]
[Annotator "ChessBase"]
[PlyCount "135"]
[EventDate "2019.07.19"]
[EventType "swiss"]
[EventCountry "CZE"]
[SourceTitle "playchess.com"]
[Source "ChessBase"]
[SourceQuality "1"]

1. d4 Nf6 2. Bg5 d5 3. Bxf6 gxf6 4. c4 e6 5. e3 dxc4 6. Bxc4 f5 7. Nc3 a6 8. Nf3 b5 9. Be2 Nd7 10. Nd2 c5 11. Bf3 Ra7 12. Nb3 c4 13. Nd2 e5 14. a4 b4 15. Na2 Rc7 16. Rc1 exd4 17. exd4 b3 18. Nc3 Nf6 19. O-O Bh6 20. Re1+ Kf8 21. d5 Kg7 22. Nf1 Qd6 23. Ne3 Bf4 24. Ne2 Bxh2+ 25. Kf1 Re8 26. Nxc4 Qb4 27. Qd4 a5 28. Qh4 h6 29. Qxh2 Rxc4 30. Nc3 Rd8 31. Qg3+ Kh7 32. Qe5 Ng4 33. Bxg4 Rxg4 34. Qf6 Rdg8 35. g3 f4 36. Re4 Qb8 37. Rxf4 Rxf4 38. gxf4 Qb4 39. Qe5 Qb6 40. Qe4+ Kh8 41. Qe5+ f6 42. Qh5 Kh7 43. Nb5 Ba6 44. Qf5+ Kh8 45. Qd3 Rd8 46. Rd1 Qb8 47. d6 Qb7 48. d7 Qh1+ 49. Ke2 Qh5+ 50. Kd2 Qg4 51. Kc3 Qxf4 52. Qd6 Qxf2 53. Kxb3 Bxb5 54. axb5 a4+ 55. Ka2 a3 56. Rd2 Qh4 57. Qe7 Qc4+ 58. b3 Qc7 59. Qxf6+ Kh7 60. Qf7+ Kh8 61. Qf6+ Kh7 62. b6 Qb8 63. Qe7+ Kg6 64. Rd6+ Kh5 65. Qe5+ Kg4 66. Rd4+ Kf3 67. Qxb8 Rxb8 68. d8=Q 1-0

[Event "Czech Open GM 2019"]
[Site "Pardubice"]
[Date "2019.07.20"]
[Round "2.23"]
[White "Hrabusa, Matej"]
[Black "Zhuravlev, Stepan"]
[Result "*"]
[WhiteElo "2397"]
[BlackElo "2182"]
[Annotator "NA"]
[PlyCount "92"]
[EventDate "2019.07.19"]
[EventType "swiss"]
[EventCountry "CZE"]
[SourceTitle "playchess.com"]
[Source "ChessBase"]
[SourceQuality "1"]

1. c4 e6 2. Nf3 Nf6 3. g3 d5 4. b3 c6 5. Bg2 Nbd7 6. O-O Be7 7. d4 Ne4 8. Nfd2 f5 9. Nxe4 fxe4 10. f3 exf3 11. exf3 O-O 12. Bb2 dxc4 13. bxc4 e5 14. dxe5 Qb6+ 15. Bd4 Bc5 16. Bf2 Nxe5 17. Qe2 Bxf2+ 18. Qxf2 Nxc4 19. Nc3 Bf5 20. Rfe1 Rad8 21. Qxb6 axb6 22. Re7 Rf7 23. Rae1 Kf8 24. Rxf7+ Kxf7 25. g4 Be6 26. Rb1 h6 27. a4 Rd3 28. Ne4 Ra3 29. Bf1 Rxa4 30. Bxc4 Bxc4 31. Rxb6 Ba6 32. Nd6+ Ke6 33. Nxb7 Kd5 34. Kf2 g5 35. Rb2 Bxb7 36. Rxb7 c5 37. Rh7 Ra6 38. Ke3 Ra3+ 39. Kf2 Ra2+ 40. Kg3 Ra6 41. Rc7 Kd4 42. h4 c4 43. Rd7+ Ke3 44. hxg5 hxg5 45. Rg7 c3 46. Rxg5 c2 *

[Event "Czech Open GM 2019"]
[Site "Pardubice"]
[Date "2019.07.20"]
[Round "2.23"]
[White "Hrabusa, Matej"]
[Black "Zhuravlev, Stepan"]
[Result "0-1"]
[WhiteElo "2397"]
[BlackElo "2182"]
[Annotator "NA"]
[PlyCount "126"]
[EventDate "2019.07.19"]
[EventType "swiss"]
[EventCountry "CZE"]
[SourceTitle "playchess.com"]
[Source "ChessBase"]
[SourceQuality "1"]

1. c4 e6 2. Nf3 Nf6 3. g3 d5 4. b3 c6 5. Bg2 Nbd7 6. O-O Be7 7. d4 Ne4 8. Nfd2 f5 9. Nxe4 fxe4 10. f3 exf3 11. exf3 O-O 12. Bb2 dxc4 13. bxc4 e5 14. dxe5 Qb6+ 15. Bd4 Bc5 16. Bf2 Nxe5 17. Qe2 Bxf2+ 18. Qxf2 Nxc4 19. Nc3 Bf5 20. Rfe1 Rad8 21. Qxb6 axb6 22. Re7 Rf7 23. Rae1 Kf8 24. Rxf7+ Kxf7 25. g4 Be6 26. Rb1 h6 27. a4 Rd3 28. Ne4 Ra3 29. Bf1 Rxa4 30. Bxc4 Bxc4 31. Rxb6 Ba6 32. Nd6+ Ke6 33. Nxb7 Kd5 34. Kf2 g5 35. Rb2 Bxb7 36. Rxb7 c5 37. Rd7+ Ke5 38. Rh7 Ra6 39. Ke3 Ra3+ 40. Kf2 Ra2+ 41. Kg3 Ra6 42. Rc7 Kd4 43. h4 c4 44. Rd7+ Ke5 45. hxg5 hxg5 46. Rg7 c3 47. Rxg5+ Kd4 48. Rh5 c2 49. Rh1 Ke3 50. f4 Rb6 51. Rc1 Kd2 52. Rxc2+ Kxc2 53. f5 Kd3 54. Kf4 Kd4 55. g5 Rb1 56. f6 Rf1+ 57. Kg4 Ke5 58. Kh5 Ke6 59. Kg6 Rf5 60. Kh6 Kf7 61. g6+ Kxf6 62. g7 Rg5 63. g8=N+ Rxg8 0-1

[Event "Czech Open GM 2019"]
[Site "Pardubice"]
[Date "2019.07.20"]
[Round "2.23"]
[White "Horak, Martin"]
[Black "Cukrowski, Filip"]
[Result "1/2-1/2"]
[WhiteElo "2254"]
[BlackElo "2421"]
[Annotator "TA"]
[PlyCount "54"]
[EventDate "2019.07.19"]
[EventType "swiss"]
[EventCountry "CZE"]
[SourceTitle "playchess.com"]
[Source "ChessBase"]
[SourceQuality "1"]

1. d4 Nf6 2. Nf3 e6 3. g3 c5 4. Bg2 Nc6 5. O-O d5 6. c4 dxc4 7. dxc5 Qxd1 8. Rxd1 Bxc5 9. Nbd2 c3 10. bxc3 O-O 11. Nb3 Be7 12. c4 Bd7 13. Bb2 Rfd8 14. Nfd4 Nxd4 15. Bxd4 Bc6 16. Bxc6 bxc6 17. Na5 c5 18. Be5 Rac8 19. Rab1 Nd7 20. Bd6 Bxd6 21. Rxd6 Nb6 22. Rxd8+ Rxd8 23. Nc6 Ra8 24. Rb5 Kf8 25. Ra5 Ke8 26. Nxa7 Nxc4 27. Rxc5 Rxa7 1/2-1/2

[Event "Czech Open GM 2019"]
[Site "Pardubice"]
[Date "2019.07.20"]
[Round "2.24"]
[White "Nguyen, Piotr"]
[Black "Mladek, Richard"]
[Result "1-0"]
[WhiteElo "2420"]
[BlackElo "2253"]
[Annotator "NA"]
[PlyCount "83"]
[EventDate "2019.07.19"]
[EventType "swiss"]
[EventCountry "CZE"]
[SourceTitle "playchess.com"]
[Source "ChessBase"]
[SourceQuality "1"]

1. d4 Nf6 2. c4 g6 3. Nc3 d5 4. Bg5 Ne4 5. Bh4 c5 6. cxd5 Nxc3 7. bxc3 Qxd5 8. Nf3 Nc6 9. e3 cxd4 10. cxd4 e5 11. Be2 Bb4+ 12. Kf1 O-O 13. dxe5 Qa5 14. Bf6 Bg4 15. Rb1 Bf5 16. Rc1 Qxa2 17. h4 Qb2 18. Rc4 Na5 19. g4 Nxc4 20. gxf5 Nxe5 21. Bxe5 Bc3 22. Bxc3 Qxc3 23. fxg6 fxg6 24. h5 Rad8 25. Qb1 Rf6 26. Qxb7 Qc6 27. Qxc6 Rxc6 28. Rh4 Rc1+ 29. Kg2 Rc2 30. Bc4+ Kg7 31. h6+ Kf6 32. Rf4+ Ke7 33. Ng5 Rf8 34. Rxf8 Kxf8 35. Nxh7+ Ke7 36. Bd5 Rd2 37. e4 a5 38. Ng5 Kf6 39. Nf3 Rb2 40. e5+ Ke7 41. h7 Rb8 42. Bg8 1-0

[Event "Czech Open GM 2019"]
[Site "Pardubice"]
[Date "2019.07.20"]
[Round "2.24"]
[White "Furman, Boris"]
[Black "Bruedigam, Martin"]
[Result "1/2-1/2"]
[WhiteElo "2149"]
[BlackElo "2395"]
[Annotator "NA"]
[PlyCount "55"]
[EventDate "2019.07.19"]
[EventType "swiss"]
[EventCountry "CZE"]
[SourceTitle "playchess.com"]
[Source "ChessBase"]
[SourceQuality "1"]

1. d4 Nf6 2. c4 e6 3. Nc3 Bb4 4. e3 O-O 5. Bd3 d5 6. a3 Bxc3+ 7. bxc3 b6 8. cxd5 exd5 9. Ne2 Ba6 10. O-O Bxd3 11. Qxd3 Qc8 12. Ng3 c5 13. Bb2 c4 14. Qe2 Re8 15. f3 h5 16. h4 Qc7 17. Qf2 Nbd7 18. e4 dxe4 19. fxe4 Nf8 20. Qf3 Ng6 21. e5 Nxh4 22. Qf4 Ng6 23. Qf3 Nh4 24. Qf4 Ng6 25. Qf3 Nh4 26. Qf4 Ng6 27. Qf3 h4 28. Nf5 1/2-1/2

[Event "Czech Open GM 2019"]
[Site "Pardubice"]
[Date "2019.07.20"]
[Round "2.25"]
[White "Kutynec, Vladimir"]
[Black "Plischki, Sebastian"]
[Result "1-0"]
[WhiteElo "2252"]
[BlackElo "2420"]
[Annotator "NA"]
[PlyCount "99"]
[EventDate "2019.07.19"]
[EventType "swiss"]
[EventCountry "CZE"]
[SourceTitle "playchess.com"]
[Source "ChessBase"]
[SourceQuality "1"]

1. Nf3 c5 2. c4 Nc6 3. Nc3 g6 4. d4 cxd4 5. Nxd4 Bg7 6. e3 Nf6 7. Be2 O-O 8. O-O Nxd4 9. exd4 d5 10. Be3 dxc4 11. Bxc4 b6 12. h3 Bb7 13. Qb3 e6 14. a4 Qd6 15. Rfc1 Rfd8 16. a5 Rac8 17. Nb5 Qb8 18. axb6 axb6 19. Na7 Rxc4 20. Qxc4 Nd5 21. Bg5 Rd7 22. Nc6 Qd6 23. Ne5 Rc7 24. Qa4 Rxc1+ 25. Rxc1 h6 26. Qe8+ Qf8 27. Qd7 Bxe5 28. Qxb7 Bc7 29. Bf6 Nxf6 30. Qxc7 Qb4 31. Qc3 Qd6 32. Qe3 Kg7 33. Qe5 Qxe5 34. dxe5 Nd5 35. Rc8 g5 36. Rb8 h5 37. g4 h4 38. Kg2 Nf4+ 39. Kf3 Nd3 40. Rxb6 Nxe5+ 41. Ke4 Kf6 42. b3 Ng6 43. Rc6 Nf4 44. Rc3 Nd5 45. Rd3 Nf4 46. Rf3 e5 47. b4 Ke6 48. Rxf4 gxf4 49. b5 f6 50. f3 1-0

[Event "Czech Open GM 2019"]
[Site "Pardubice"]
[Date "2019.07.20"]
[Round "2.25"]
[White "Singh, S. Vikramjit"]
[Black "Sarkar, Justin"]
[Result "0-1"]
[WhiteElo "2164"]
[BlackElo "2389"]
[Annotator "TA"]
[PlyCount "86"]
[EventDate "2019.07.19"]
[EventType "swiss"]
[EventCountry "CZE"]
[SourceTitle "playchess.com"]
[Source "ChessBase"]
[SourceQuality "1"]

1. d4 Nf6 2. c4 e6 3. Nf3 b6 4. g3 Ba6 5. Qc2 Bb4+ 6. Bd2 Bxd2+ 7. Nbxd2 c5 8. Bg2 Nc6 9. e4 cxd4 10. e5 Ng4 11. Qa4 Bb7 12. h3 Nh6 13. Ne4 O-O 14. Nd6 Rb8 15. O-O Ba8 16. Rad1 f6 17. Nxd4 Nxd4 18. Rxd4 fxe5 19. Rd2 Bxg2 20. Kxg2 Qc7 21. Rfd1 Rbd8 22. Qc2 Nf5 23. Nxf5 Rxf5 24. Rd6 Rf7 25. Qd3 Rdf8 26. Rd2 Qc5 27. f3 Rxf3 28. Qxf3 Rxf3 29. Kxf3 Qxc4 30. Rxd7 Qf1+ 31. Ke3 Qe1+ 32. Kf3 Qf1+ 33. Ke3 Qxh3 34. Rxa7 Qxg3+ 35. Ke2 h5 36. a4 e4 37. Rdd7 h4 38. Rxg7+ Qxg7 39. Rxg7+ Kxg7 40. b4 h3 41. Kf1 e3 42. a5 bxa5 43. b5 h2 0-1

[Event "Czech Open GM 2019"]
[Site "Pardubice"]
[Date "2019.07.20"]
[Round "2.26"]
[White "Dobrowolski, Piotr"]
[Black "Smid, Miroslav"]
[Result "1-0"]
[WhiteElo "2418"]
[BlackElo "2251"]
[Annotator "NA"]
[PlyCount "61"]
[EventDate "2019.07.19"]
[EventType "swiss"]
[EventCountry "CZE"]
[SourceTitle "playchess.com"]
[Source "ChessBase"]
[SourceQuality "1"]

1. e4 d5 2. exd5 Qxd5 3. Nc3 Qa5 4. Bc4 Nf6 5. d3 Bg4 6. f3 Bd7 7. Bd2 Qb6 8. Qe2 e6 9. O-O-O c5 10. f4 Nc6 11. Nf3 Nd4 12. Qf2 Nxf3 13. Qxf3 Bc6 14. Qh3 O-O-O 15. Rhe1 Kb8 16. Re2 Qc7 17. f5 exf5 18. Qxf5 Bd6 19. h3 h6 20. Nb5 Bxb5 21. Bxb5 a6 22. Bc4 Ka7 23. a4 Qd7 24. Qxd7 Rxd7 25. Rf1 h5 26. a5 h4 27. Rf5 Rh5 28. Ref2 Rxf5 29. Rxf5 b5 30. axb6+ Kxb6 31. Bg5 1-0

[Event "Czech Open GM 2019"]
[Site "Pardubice"]
[Date "2019.07.20"]
[Round "2.26"]
[White "Polschikov, Alexey"]
[Black "Vasicek, Martin"]
[Result "1-0"]
[WhiteElo "2375"]
[BlackElo "2132"]
[Annotator "NA"]
[PlyCount "70"]
[EventDate "2019.07.19"]
[EventType "swiss"]
[EventCountry "CZE"]
[SourceTitle "playchess.com"]
[Source "ChessBase"]
[SourceQuality "1"]

1. Nf3 Nf6 2. c4 e6 3. g3 b6 4. Bg2 Bb7 5. O-O Be7 6. Nc3 O-O 7. d4 d5 8. cxd5 Nxd5 9. Nxd5 exd5 10. Bf4 c5 11. dxc5 bxc5 12. Ne5 Na6 13. Qb3 Nb4 14. a3 c4 15. Qd1 Na6 16. Nxc4 Nc5 17. Ne5 Re8 18. Rc1 Rc8 19. b4 Ne6 20. Rxc8 Qxc8 21. Bxd5 Rd8 22. Bxb7 Qxb7 23. Qb3 Rd5 24. Rd1 Nxf4 25. gxf4 Rxd1+ 26. Qxd1 g5 27. fxg5 Qe4 28. Nf3 Qf5 29. Qd4 a5 30. bxa5 Qxa5 31. a4 Qf5 32. Kg2 Bxg5 33. Qe5 Qxe5 34. Nxe5 Kf8 35. a5 Ke8 1-0

[Event "Czech Open GM 2019"]
[Site "Pardubice"]
[Date "2019.07.20"]
[Round "2.27"]
[White "Arpita, Mukherjee"]
[Black "Hollan, Martin"]
[Result "0-1"]
[WhiteElo "2248"]
[BlackElo "2416"]
[Annotator "NA"]
[PlyCount "82"]
[EventDate "2019.07.19"]
[EventType "swiss"]
[EventCountry "CZE"]
[SourceTitle "playchess.com"]
[Source "ChessBase"]
[SourceQuality "1"]

1. e4 c5 2. Nf3 Nc6 3. d4 cxd4 4. Nxd4 e5 5. Nb5 a6 6. Nd6+ Bxd6 7. Qxd6 Qe7 8. Qd1 Nf6 9. Nc3 d6 10. Bg5 Be6 11. Nd5 Bxd5 12. exd5 Nb8 13. c4 O-O 14. Be2 Nbd7 15. O-O Rfb8 16. Rc1 b5 17. cxb5 axb5 18. Rc7 Qd8 19. Rc6 h6 20. Be3 Nb6 21. Bxb6 Rxb6 22. Qb3 b4 23. a4 Ne4 24. Qc2 Nc5 25. b3 e4 26. Bb5 Rbb8 27. Qc4 Qe7 28. Re1 Ra7 29. f3 Qe5 30. fxe4 Re7 31. Rxc5 dxc5 32. Qxc5 Rd8 33. Bc6 f5 34. Qxb4 fxe4 35. Qc4 Kh8 36. a5 e3 37. a6 e2 38. Qd3 Rf8 39. h3 Qf4 40. Qc3 Re3 41. Qc5 Qf2+ 0-1